Les différents postes du McDo - Statistiques

Statistiques générales
  • Ce quiz a été pris 88 fois
  • Le résultat moyen est 10 sur 22
Statistiques - réponses
Hint Réponse % Correct
Comptoir Frites
79%
Comptoir Boissons
76%
Autre SAT
68%
Autre Drive
65%
Cuisine Viandes / Grill / Clams
65%
Comptoir OAT
64%
Comptoir Encaissement
59%
Comptoir Vérif / Assemblage
58%
Cuisine Garniture
52%
Cuisine Initiation
50%
Comptoir Desserts
47%
Autre Plonge
47%
Autre Lobby
42%
Autre Prise de commande
38%
Cuisine Produits frits / FCN
33%
Cuisine Emballage
24%
Comptoir Runner frites
23%
Autre Chargé d'accueil
20%
Comptoir McCafé / MKF
18%
Comptoir Passeur
12%
Comptoir LAD
9%
Autre Préposé au local poubelles
3%
Aucun quiz correspondant
Distribution des résultats
% des personnes avec chaque résultat
Percentile par nombre de réponses
Votre historique - résultats
Vous n’avez pas pris ce quiz